Перспектива применения микропузырьковой газожидкостной среды для очистки воды от солей временной жесткости; Химия и химическая технология в XXI веке; Т. 1

Detaylı Bibliyografya
Parent link:Химия и химическая технология в XXI веке: материалы XIV Всероссийской научно-практической конференции имени профессора Л.П. Кулёва студентов и молодых ученых с международным участием, Томск, 13-16 мая 2013 г/ Национальный исследовательский Томский политехнический университет (ТПУ); Институт природных ресурсов (ИПР) ; Институт физики высоких технологий (ИФВТ) ; Физико-технический институт (ФТИ).— , 2013
Т. 1.— 2013.— [С. 113-115]
Yazar: Хиеу Н. М.
Müşterek Yazar: Национальный исследовательский Томский политехнический университет (ТПУ) Институт природных ресурсов (ИПР) Кафедра общей химической технологии (ОХТ)
Diğer Yazarlar: Маланова Н. В. Наталья Викторовна (научный руководитель), Косинцев В. И. Виктор Иванович
Özet:Заглавие с титульного экрана
Dil:Rusça
Baskı/Yayın Bilgisi: 2013
Seri Bilgileri:Химия и химическая технология неорганических веществ и материалов
Konular:
Online Erişim:http://www.lib.tpu.ru/fulltext/c/2013/C27/V1/055.pdf
Materyal Türü: MixedMaterials Elektronik Kitap Bölümü
KOHA link:https://koha.lib.tpu.ru/cgi-bin/koha/opac-detail.pl?biblionumber=241754

MARC

LEADER 00000naa2a2200000 4500
001 241754
005 20251217142957.0
035 |a (RuTPU)RU\TPU\book\263041 
035 |a RU\TPU\book\263040 
090 |a 241754 
100 |a 20130819d2013 k y0rusy50 ca 
101 0 |a rus 
102 |a RU 
135 |a drcn ---uucaa 
181 0 |a i  
182 0 |a b 
200 1 |a Перспектива применения микропузырьковой газожидкостной среды для очистки воды от солей временной жесткости  |f Н. М. Хиеу, Н. В. Маланова  |g науч. рук. В. И. Косинцев 
203 |a Текст  |c электронный 
225 1 |a Химия и химическая технология неорганических веществ и материалов 
300 |a Заглавие с титульного экрана 
320 |a [Библиогр.: с. 115 (2 назв.)] 
337 |a Adobe Reader 
461 1 |0 (RuTPU)RU\TPU\book\259433  |t Химия и химическая технология в XXI веке  |o материалы XIV Всероссийской научно-практической конференции имени профессора Л.П. Кулёва студентов и молодых ученых с международным участием, Томск, 13-16 мая 2013 г  |o в 2 т.  |f Национальный исследовательский Томский политехнический университет (ТПУ); Институт природных ресурсов (ИПР) ; Институт физики высоких технологий (ИФВТ) ; Физико-технический институт (ФТИ)  |d 2013 
463 1 |0 (RuTPU)RU\TPU\book\259435  |t Т. 1  |v [С. 113-115]  |d 2013 
610 1 |a труды учёных ТПУ 
610 1 |a электронный ресурс 
610 1 |a микропузырьковые газожидкостные среды 
610 1 |a вода 
610 1 |a временная жесткость 
610 1 |a соли 
610 1 |a очистка 
700 1 |a Хиеу  |b Н. М. 
701 1 |a Маланова  |b Н. В.  |c специалист в области автоматики и электроники  |c инженер-исследователь Томского политехнического университета  |f 1988-  |g Наталья Викторовна  |3 (RuTPU)RU\TPU\pers\30501 
702 1 |a Косинцев  |b В. И.  |c российский химик-технолог  |c профессор-консультант Томского политехнического университета, доктор технических наук  |f 1939-  |g Виктор Иванович  |3 (RuTPU)RU\TPU\pers\21969  |4 727 
712 0 2 |a Национальный исследовательский Томский политехнический университет (ТПУ)  |b Институт природных ресурсов (ИПР)  |b Кафедра общей химической технологии (ОХТ)  |3 (RuTPU)RU\TPU\col\18654 
801 2 |a RU  |b 63413507  |c 20160210  |g RCR 
856 4 |u http://www.lib.tpu.ru/fulltext/c/2013/C27/V1/055.pdf 
942 |c CF